कम्पनी काल में पटना शैली की चित्रकला/ (Record no. 205073)

MARC details
000 -LEADER
fixed length control field 01072nam a22001937a 4500
005 - DATE AND TIME OF LATEST TRANSACTION
control field 20250207142343.0
010 ## - LCCN (DPL NO)
LC control number HIN-128217
020 ## - INTERNATIONAL STANDARD BOOK NUMBER
Terms of availability 325.00
International Standard Book Number 9788119936175
035 ## - SYSTEM CONTROL NUMBER
System control number HN-100563
037 ## - SOURCE OF ACQUISITION
Source of stock number/acquisition DBAD
082 ## - DEWEY DECIMAL CLASSIFICATION NUMBER
Classification number 759.95413
100 ## - MAIN ENTRY--PERSONAL NAME
Personal name अमन, अवधेश
245 ## - TITLE STATEMENT
Title कम्पनी काल में पटना शैली की चित्रकला/
Statement of responsibility, etc अवधेश अमन; प्रताप कुमार मोहन्ती द्वारा संपादित
260 ## - PUBLICATION, DISTRIBUTION, ETC. (IMPRINT)
Place of publication, distribution, etc नई दिल्ली
Name of publisher, distributor, etc प्रकाशन विभाग, सूचना और प्रसारण मंत्रालय, भारत सरकार
Date of publication, distribution, etc 2024
270 ## - ADDRESS
Address सूचना भवन, सी. जी. ओ. कॉम्पलेक्स, लोधी रोड,
City नई दिल्ली-
Postal code 110003
300 ## - PHYSICAL DESCRIPTION
Extent 118पृ.
Dimensions 24सेमी(अजिल्द)
700 ## - ADDED ENTRY--PERSONAL NAME
Personal name मोहन्ती प्रताप कुमार
9 (RLIN) 70122
942 ## - ADDED ENTRY ELEMENTS (KOHA)
Source of classification or shelving scheme Dewey Decimal Classification
Item type Hindi Books
Classification part 759.95413
Call number suffix अमन
Holdings
Withdrawn status Lost status Not for loan Collection code Home library Current library Date acquired Source of acquisition Cost, normal purchase price Full call number Barcode Copy number Cost, replacement price Koha item type
      Non-fiction Vinoba Puri Vinoba Puri 16/08/2024 DBAD 325.00 759.95413 अमन HN-100563 1 325.00 Hindi Books

© Delhi Public Library
Hit Counter
free hit counter